घागरी - ओढ़नी : (Record no. 121925)
[ view plain ]
| 000 -LEADER | |
|---|---|
| fixed length control field | 01145nam a22002417a 4500 |
| 010 ## - LIBRARY OF CONGRESS CONTROL NUMBER | |
| LC control number | B-183600 |
| 020 ## - INTERNATIONAL STANDARD BOOK NUMBER | |
| International Standard Book Number | 8189350250 |
| Terms of availability | 150.00 |
| 035 ## - SYSTEM CONTROL NUMBER | |
| System control number | B-183600 |
| 037 ## - SOURCE OF ACQUISITION | |
| Stock number | Cen Lib/Ret |
| 040 ## - CATALOGING SOURCE | |
| Original cataloging agency | DPL |
| Language of cataloging | HN |
| 082 ## - DEWEY DECIMAL CLASSIFICATION NUMBER | |
| Classification number | क |
| Item number | पांडेय |
| 100 ## - MAIN ENTRY--PERSONAL NAME | |
| Personal name | पांडेय, शिव कुमार |
| 9 (RLIN) | 46872 |
| 245 ## - TITLE STATEMENT | |
| Title | घागरी - ओढ़नी : |
| Remainder of title | अनुसूचित जनजातियो के सामाजिक तथ्यों पर आधारित / |
| Statement of responsibility, etc | शिव कुमार पांडेय |
| 246 ## - VARYING FORM OF TITLE | |
| Title proper/short title | Ghagri - odhani : Anusuchit janjatiyon ke samajik tathyon par aadharit / |
| 260 ## - PUBLICATION, DISTRIBUTION, ETC. (IMPRINT) | |
| Place of publication, distribution, etc | भोपाल |
| Name of publisher, distributor, etc | राष्ट्रीय प्रकाशन मंदिर |
| Date of publication, distribution, etc | 2005 |
| 270 ## - ADDRESS | |
| Address | राष्ट्रीय प्रकाशन मंदिर, मितिया पार्क |
| City | भोपाल |
| 300 ## - PHYSICAL DESCRIPTION | |
| Extent | 120प ; |
| Other physical details | 24cm |
| 650 ## - SUBJECT ADDED ENTRY--TOPICAL TERM | |
| Topical term or geographic name as entry element | हिंदी साहित्य |
| 9 (RLIN) | 115600 |
| 650 ## - SUBJECT ADDED ENTRY--TOPICAL TERM | |
| Topical term or geographic name as entry element | हिंदी कहानिया |
| 9 (RLIN) | 115601 |
| 650 ## - SUBJECT ADDED ENTRY--TOPICAL TERM | |
| Topical term or geographic name as entry element | Hindi literature |
| 9 (RLIN) | 115602 |
| 650 ## - SUBJECT ADDED ENTRY--TOPICAL TERM | |
| Topical term or geographic name as entry element | Hindi story |
| 9 (RLIN) | 43117 |
| 942 ## - ADDED ENTRY ELEMENTS (KOHA) | |
| Source of classification or shelving scheme | Dewey Decimal Classification |
| Koha item type | Hindi Books |
| Classification part | K |
| Call number suffix | पांडेय |
| Withdrawn status | Lost status | Damaged status | Not for loan | Home library | Current library | Date acquired | Source of acquisition | Cost, normal purchase price | Total Checkouts | Full call number | Barcode | Date last seen | Copy number | Cost, replacement price | Price effective from | Koha item type |
|---|---|---|---|---|---|---|---|---|---|---|---|---|---|---|---|---|
| Central Library | Central Library | 30/12/2015 | Cen Lib/Ret | 150.00 | क पांडेय | B-183600 | 30/12/2015 | 1 | 150.00 | 30/12/2015 | Hindi Books |
